Forgiveness and reconciliation: psychological pathways to conflict transformation and peace building
| Beteiligte: | ; |
|---|---|
| Medienart: | Druck Buch |
| Sprache: | Englisch |
| Veröffentlicht: |
Dordrecht Heidelberg [u.a.]
Springer
2009
|
| In: | Jahr: 2009 |
| Online-Zugang: |
Cover Einführung/Vorwort Inhaltsverzeichnis Kapitel 1 |
| Bestand in Tübingen: | In Tübingen vorhanden. UB: KB 20 A 4173 |
| Verfügbarkeit prüfen: | HBZ Gateway |
| Subito Bestelldienst: | Jetzt bestellen. |
| Schlagwörter: |
MARC
| LEADER | 00000cam a2200000 c 4500 | ||
|---|---|---|---|
| 001 | 1622052137 | ||
| 003 | DE-627 | ||
| 005 | 20240705213200.0 | ||
| 007 | tu | ||
| 008 | 090923s2009 xx ||||| 00| ||eng c | ||
| 015 | |a 09,N09,0089 |2 dnb | ||
| 016 | 7 | |a 992520932 |2 DE-101 | |
| 020 | |a 9781441901804 |c GB. : ca. EUR 71.64 (freier Pr.), ca. sfr 111.50 (freier Pr.) |9 978-1-4419-0180-4 | ||
| 024 | 3 | |a 9781441901804 | |
| 024 | 8 | |a 11763390 |q Best.-Nr. | |
| 035 | |a (DE-627)1622052137 | ||
| 035 | |a (DE-576)311011942 | ||
| 035 | |a (DE-599)DNB992520932 | ||
| 035 | |a (OCoLC)699222471 | ||
| 040 | |a DE-627 |b ger |c DE-627 |e rakwb | ||
| 041 | |a eng | ||
| 082 | 0 | 4 | |a 150 |
| 084 | |a 5,2 |2 ssgn | ||
| 084 | |a CP 4000 |2 rvk |0 (DE-625)rvk/18984: | ||
| 245 | 0 | 0 | |a Forgiveness and reconciliation |b psychological pathways to conflict transformation and peace building |c Ani Kalayjian; Raymond F. Paloutzian |
| 264 | 1 | |a Dordrecht |a Heidelberg [u.a.] |b Springer |c 2009 | |
| 300 | |a XXII, 303 S. |b Ill. | ||
| 336 | |a Text |b txt |2 rdacontent | ||
| 337 | |a ohne Hilfsmittel zu benutzen |b n |2 rdamedia | ||
| 338 | |a Band |b nc |2 rdacarrier | ||
| 490 | 0 | |a Peace psychology book series | |
| 583 | 1 | |a Archivierung prüfen |c 20200919 |f DE-640 |z 1 |2 pdager | |
| 583 | 1 | |a Archivierung/Langzeitarchivierung gewährleistet |f PEBW |h DE-31 |x XA-DE-BW |2 pdager |5 DE-21 | |
| 655 | 7 | |a Aufsatzsammlung |0 (DE-588)4143413-4 |0 (DE-627)105605727 |0 (DE-576)209726091 |2 gnd-content | |
| 689 | 0 | 0 | |d s |0 (DE-588)4032081-9 |0 (DE-627)106262971 |0 (DE-576)208995544 |a Konflikt |2 gnd |
| 689 | 0 | 1 | |d s |0 (DE-588)4121874-7 |0 (DE-627)105766453 |0 (DE-576)209546875 |a Verzeihung |2 gnd |
| 689 | 0 | 2 | |d s |0 (DE-588)4047704-6 |0 (DE-627)106193821 |0 (DE-576)209074426 |a Psychologie |2 gnd |
| 689 | 0 | |5 (DE-627) | |
| 689 | 1 | 0 | |d s |0 (DE-588)4032081-9 |0 (DE-627)106262971 |0 (DE-576)208995544 |a Konflikt |2 gnd |
| 689 | 1 | 1 | |d s |0 (DE-588)4063213-1 |0 (DE-627)104552387 |0 (DE-576)209147822 |a Versöhnung |2 gnd |
| 689 | 1 | 2 | |d s |0 (DE-588)4047704-6 |0 (DE-627)106193821 |0 (DE-576)209074426 |a Psychologie |2 gnd |
| 689 | 1 | |5 (DE-627) | |
| 700 | 1 | |a Kalayjian, Ani |e Hrsg. |4 edt | |
| 700 | 1 | |a Paloutzian, Raymond F. |d 1945- |e Hrsg. |0 (DE-588)136930727 |0 (DE-627)588343064 |0 (DE-576)174915195 |4 edt | |
| 776 | 1 | |z 9781441901811 | |
| 856 | 4 | 2 | |u https://swbplus.bsz-bw.de/bsz311011942vor.htm |m V:DE-576;X:springer |q application/pdf |v 20091116061229 |3 Einführung/Vorwort |7 1 |
| 856 | 4 | 2 | |u https://swbplus.bsz-bw.de/bsz311011942cov.jpg |m V:DE-576 |m X:springer |q image/jpeg |v 20091009163437 |3 Cover |7 1 |
| 856 | 4 | 2 | |u https://swbplus.bsz-bw.de/bsz311011942kap.htm |m V:DE-576;X:springer |q application/pdf |v 20091118133051 |3 Kapitel 1 |7 1 |
| 856 | 4 | 2 | |u https://swbplus.bsz-bw.de/bsz311011942inh.htm |m V:DE-576;B:DE-291 |q application/pdf |v 20090930174749 |3 Inhaltsverzeichnis |7 1 |
| 936 | r | v | |a CP 4000 |b Kognitive Prozesse (Denken, Urteil, Problemlösen, Begriffsbildung, Assoziation) |k Psychologie |k Allgemeine Psychologie |k Kognitive Prozesse (Denken, Urteil, Problemlösen, Begriffsbildung, Assoziation) |0 (DE-627)1271169363 |0 (DE-625)rvk/18984: |0 (DE-576)201169363 |
| 951 | |a BO | ||
| ELC | |b 1 | ||
| LOK | |0 000 xxxxxcx a22 zn 4500 | ||
| LOK | |0 001 3243726735 | ||
| LOK | |0 003 DE-627 | ||
| LOK | |0 004 1622052137 | ||
| LOK | |0 005 20100210112143 | ||
| LOK | |0 008 091020||||||||||||||||ger||||||| | ||
| LOK | |0 040 |a DE-21 |c DE-627 |d DE-21 | ||
| LOK | |0 852 |a DE-21 | ||
| LOK | |0 852 1 |c KB 20 A 4173 |9 00 | ||
| LOK | |0 935 |a krim | ||
| LOK | |0 936ln |a k7.3.3.7 | ||
| LOK | |0 938 |a 1002 |f 34 | ||
| LOK | |0 939 |a 20-10-09 |b l01 | ||
| ORI | |a SA-MARC-krimdoka001.raw | ||
| SIG | |a UB: KB 20 A 4173 | ||
